000 01559nam a2200397 i 4500
001 xx005915935
003 NUKAT
005 20260330123425.0
008 260330s2016 pl a |000 0 pol c
020 _a9788391816783
_q(oprawa miękka)
035 _a(NUKAT)xx005915935
040 _aOLSZT 008/bak
_bpol
_erda
_cOLSZT 008/bak
046 _k2010
100 1 _aBogdaszewska, Zofia.
_eAutor
_939193
245 1 0 _aJeleń czy sarna? :
_bpoznajemy rodzinę jeleniowatych /
_cZofia Bogdaszewska, Marek Bogdaszewski.
246 3 0 _aPoznajemy rodzinę jeleniowatych
260 _aGiżycko :
_bFundacji Ochrony Wielkich Jezior Mazurskich. Mazurskie Centrum Edukacji Ekologicznej,
_c2016.
300 _a63, [1] strona :
_bilustracje kolorowe ;
_c21 cm.
336 _aTekst
_btxt
_2rdacontent
336 _aObraz
_bsti
_2rdacontent
337 _aBez urządzenia pośredniczącego
_bn
_2rdamedia
338 _aWolumin
_bnc
_2rdacarrier
380 _aKsiążki
380 _aPublikacje popularnonaukowe
388 1 _a2001-
504 _aBibliografia na stronie [64].
536 _aDruk sfinansowano ze środków Wojewódzkiego Funduszu Ochrony Środowiska i Gospodarki Wodnej w Olsztynie
650 7 _aJeleniowate
_2DBN
_939200
655 7 _aOpracowanie
_2DBN
_935024
655 7 _aPublikacja bogato ilustrowana
_2DBN
_935165
658 _aBiologia
700 1 _aBogdaszewski, Marek.
_eAutor
_939194
710 2 _aMazurskie Centrum Edukacji Ekologicznej (Giżycko).
_eWydawca
_4pbl
_939199
920 _a978-83-918167-8-3 (oprawa miękka)
942 _2ddc
_cBK_NM
999 _c27345
_d27345